|
|
|
|
| LEADER |
00000nam0a2200000 4500 |
| 001 |
292243 |
| 005 |
20231102000456.0 |
| 035 |
|
|
|a (RuTPU)RU\TPU\book\316858
|
| 090 |
|
|
|a 292243
|
| 100 |
|
|
|a 20150421d1975 k y0rusy50 ca
|
| 101 |
0 |
|
|a rus
|
| 102 |
|
|
|a RU
|
| 105 |
|
|
|a a z 001zy
|
| 200 |
1 |
|
|a Вынос и отложения продуктов коррозии реакторных материалов
|f И. К. Морозова [и др.]
|
| 210 |
|
|
|a Москва
|c Атомиздат
|d 1975
|
| 215 |
|
|
|a 280 с.
|c ил.
|
| 320 |
|
|
|a Библиогр.: с. 265-278.
|
| 606 |
1 |
|
|a Ядерные энергетические установки
|x Коррозия
|2 stltpush
|3 (RuTPU)RU\TPU\subj\21750
|9 46694
|
| 610 |
1 |
|
|a конструкционные материалы
|
| 610 |
1 |
|
|a коррозивность
|
| 610 |
1 |
|
|a коррозия
|
| 610 |
1 |
|
|a теплоносители
|
| 610 |
1 |
|
|a сталь
|
| 610 |
1 |
|
|a отложения
|
| 610 |
1 |
|
|a водоохлаждаемые реакторы
|
| 675 |
|
|
|a 621.039.553
|v 3
|
| 701 |
|
1 |
|a Морозова
|b И. К.
|g Инна Константиновна
|
| 701 |
|
1 |
|a Громова
|b А. И.
|g Алефтина Ивановна
|
| 701 |
|
1 |
|a Герасимов
|b В. В.
|g Валентин Владимирович
|
| 701 |
|
1 |
|a Кучеряев
|b В. А.
|g Виктор Александрович
|
| 701 |
|
1 |
|a Демидова
|b В. В.
|g Валентина Васильевна
|
| 801 |
|
1 |
|a RU
|b 63413507
|c 20150421
|
| 801 |
|
2 |
|a RU
|b 63413507
|c 20220525
|g RCR
|
| 942 |
|
|
|c BK
|